MAASAI MARA UNIVERSITY

LIBRARY CATALOGUE

Contact Us: +254 020 2685356/7 or 0774 057787

Box: 861-20500, NAROK, KENYA

Email: info@mmarau.ac.ke

Microsoft excel 2002 Comprehensive bonus edition/ (Record no. 12420)

MARC details
000 -LEADER
fixed length control field 00735nam a2200217Ia 4500
003 - CONTROL NUMBER IDENTIFIER
control field OSt
005 - DATE AND TIME OF LATEST TRANSACTION
control field 20210907121846.0
008 - FIXED-LENGTH DATA ELEMENTS--GENERAL INFORMATION
fixed length control field 151021s9999 xx 000 0 und d
020 ## - INTERNATIONAL STANDARD BOOK NUMBER
International Standard Book Number 619214326
040 ## - CATALOGING SOURCE
Original cataloging agency MMU
Language of cataloging eng.
Transcribing agency MMU
Modifying agency MMU
050 ## - LIBRARY OF CONGRESS CALL NUMBER
Classification number HF 5548.4.M523 N4592 2002
245 ## - TITLE STATEMENT
Title Microsoft excel 2002 Comprehensive bonus edition/
Statement of responsibility, etc. June Jamrich Parsons.
260 ## - PUBLICATION, DISTRIBUTION, ETC. (IMPRINT)
Place of publication, distribution, etc. USA :
Name of publisher, distributor, etc. Thomson,
Date of publication, distribution, etc. 2004.
300 ## - PHYSICAL DESCRIPTION
Extent xxiii, 1268 p. ;
Other physical details ill. ;
500 ## - GENERAL NOTE
General note Include index
500 ## - GENERAL NOTE
General note Include index
650 ## - SUBJECT ADDED ENTRY--TOPICAL TERM
Topical term or geographic name as entry element _Excel
700 ## - ADDED ENTRY--PERSONAL NAME
Personal name _Oja Dan
942 ## - ADDED ENTRY ELEMENTS (KOHA)
Source of classification or shelving scheme Library of Congress Classification
Koha item type L
980 ## - EQUIVALENCE OR CROSS-REFERENCE-SERIES STATEMENT--PERSONAL NAME/TITLE [LOCAL, CANADA]
Personal name ^d20120829 01:28:59^okorir
Holdings
Withdrawn status Lost status Source of classification or shelving scheme Damaged status Not for loan Home library Current library Date acquired Source of acquisition Total Checkouts Full call number Barcode Date last seen Price effective from Koha item type
    Library of Congress Classification     Maasai Mara University Library -Main Campus Maasai Mara University Library -Main Campus 07/11/2016 purchased   HF5548.4.M523 N4592 2002 20128337 07/11/2016 07/11/2016 L
© 2016 Maasai Mara University.